Statystyki dla Mistrzowie Polski: Wyjściowe XI (Ekstraklasa 08/09-12/13)

Kliknij tutaj aby rozwiązać quiz!

Ogólne statystyki

  • Ten quiz został rozwiązany 20 razy
  • Średni wynik to 21 z 55

Statystyki odpowiedzi

Odpowiedź% Poprawnych
PolskaPaweł Brożek
80%
PolskaPiotr Brożek
80%
Bośnia i H.Jasmin Buric
73%
PolskaRobert Lewandowski
73%
KostarykaJunior Diaz
67%
IzraelMaor Melikson
67%
PolskaSebastian Mila
67%
SłoweniaAndraz Kirm
60%
ArgentynaCristian Diaz
60%
KolumbiaManuel Arboleda
60%
PolskaPiotr Celeban
60%
Bośnia i H.Semir Stilic
60%
SłowacjaMarian Kelemen
53%
PolskaMariusz Pawelec
53%
PolskaSławomir Peszko
53%
PolskaWaldemar Sobota
53%
PolskaMariusz Pawełek
47%
EstoniaSergei Pareiko
47%
PolskaArkadiusz Głowacki
40%
PolskaCezary Wilk
40%
SłowacjaDusan Kuciak
40%
PolskaGrzegorz Wojtkowiak
40%
HiszpaniaInaki Astiz
40%
BrazyliaMarcelo
40%
SerbiaMiroslav Radovic
40%
PolskaPatryk Małecki
40%
PolskaPatryk Małecki
40%
PolskaRadosław Sobolewski
40%
PolskaRadosław Sobolewski
40%
PolskaArtur Jędrzejczyk
33%
PolskaBartosz Bosacki
33%
SerbiaDimitrije Injac
33%
ChorwacjaIvica Vrdoljak
33%
PolskaMarcin Baszczyński
33%
HondurasOsman Chavez
33%
SłoweniaRok Elsner
33%
BułgariaTsvetan Genkov
33%
SłowacjaErik Cikos
27%
Bośnia i H.Gordan Bunoza
27%
SerbiaIvan Djurdjevic
27%
PolskaJakub Kosecki
27%
PolskaJakub Wawrzyniak
27%
PolskaSeweryn Gancarczyk
27%
SerbiaDanijel Ljuboja
20%
PolskaSebastian Dudek
20%
PolskaDaniel Łukasik
13%
PolskaDariusz Pietrasiak
13%
NiemcyDragan Paljic
13%
PolskaMarek Saganowski
13%
PolskaMarek Zieńczuk
13%
PolskaRafał Boguski
13%
PolskaTomasz Bandrowski
13%
PolskaJarosław Fojut
7%
PolskaŁukasz Madej
7%
PolskaMichał Żewłakow
7%

Rozkład punktacji

Percentyl według liczby udzielonych odpowiedzi

Procent ludzi z każdym wynikiem

Twoja historia wyników

Nie rozwiązałeś tego quizu